| 000 | 00531nam a2200169Ia 4500 | ||
|---|---|---|---|
| 008 | 140529s9999 xx 000 0 und d | ||
| 020 | _a9780071465557 | ||
| 050 |
_aBF 637.C74 _b.M35 2007 |
||
| 100 | _aMaisel, Eric. | ||
| 245 |
_aToxic criticism : _bbreak the cycle with friends, family, coworkers, and yourself / _cEric Maisel |
||
| 260 |
_aNew York : _bMcGraw-Hill, _cc2007. |
||
| 300 |
_a203 p. ; _c21 cm. |
||
| 500 | _aIncludes bibliographical references and index. | ||
| 521 | _aGE | ||
| 942 |
_kFOR _cBK |
||
| 999 |
_c117753 _d117753 |
||